000 00890nas a2200313 4500
001 BR0401282
003 BR-BrBNA
005 20231205104407.0
007 ta
008 230509b bl.|||p| |||| 00| 00por d
040 _aBR-BrBNA
_bpor
_cBiblioteca Nacional de Agricultura
041 _a(En)
072 _aF60
100 1 _aLacerda, C.F. de
100 1 _aCambraia, J.
100 1 _aOliva, M.A.
100 1 _aRuiz, H.A.
245 1 _aOsmotic adjustment in roots and leaves of two sorghum genotypes under NaCl stress
650 _aSORGO
650 _aION
650 _aOSMOSE
650 _aSALINIDADE
650 _aGENÓTIPO
650 _aSTRESS
650 _aSAL ORGÂNICO
773 0 _tBrazilian Journal of Plant Physiology (Brazil)
_xISSN 1677-0420
_g(May-Aug 2003), v. 15(2) p. 113-118
_wBR0401282
909 _a202311
_bLúcia
_c55
_dLúcia Elande
942 _2AGRIS
_n0
_cANA
999 _c177925
_d177925